| 000 | 00394nam a2200169Ia 4500 | ||
|---|---|---|---|
| 008 | 230524s9999 xx 000 0 und d | ||
| 020 | _a9780074623053 | ||
| 082 |
_a693.71 _bNEG |
||
| 100 | _aL S Negi | ||
| 245 | 0 | _aDesign Of Steel Structures | |
| 250 | _a2 | ||
| 260 |
_aNew Delhi _bMGH _c2012 |
||
| 300 | _a"ix,316p;" | ||
| 500 | _aQuantity Number: 11 | ||
| 650 | _aCivil | ||
| 942 | _cBK | ||
| 999 |
_c56025 _d56025 |
||